| Tag |
First Indicator |
Second Indicator |
Subfields |
| LEADER |
00000cam a2200000 4500 |
| 001 |
in00001264591 |
| 005 |
20151004052206.0 |
| 008 |
760214s1950 nyu 000 0 eng |
| 010 |
|
|
|a 50004613
|
| 035 |
|
|
|a (OCoLC)01990821
|
| 035 |
|
|
|9 AGW9612AM
|
| 040 |
|
|
|a DLC
|c FAU
|d TXA
|d UtOrBLW
|
| 049 |
|
|
|a TXAM
|
| 050 |
|
0 |
|a BT645
|b .D36
|
| 082 |
0 |
0 |
|a 232.931
|
| 090 |
|
|
|a BT645
|b .D36 1950
|
| 100 |
1 |
|
|a Dempsey, Martin,
|d 1904-
|
| 245 |
1 |
0 |
|a In praise of Our Lady :
|b with a novena to Our Lady of Fatima /
|c by Martin Dempsey.
|
| 264 |
|
1 |
|a New York :
|b Wagner,
|c [1950]
|
| 264 |
|
4 |
|c ©1950
|
| 300 |
|
|
|a vi, 225 pages ;
|c 21 cm.
|
| 336 |
|
|
|a text
|b txt
|2 rdacontent
|
| 337 |
|
|
|a unmediated
|b n
|2 rdamedia
|
| 338 |
|
|
|a volume
|b nc
|2 rdacarrier
|
| 600 |
0 |
0 |
|a Grignion de Montfort, Louis-Marie,
|c Saint,
|d 1673-1716.
|
| 650 |
|
0 |
|a Fatima, Our Lady of.
|
| 999 |
|
|
|a MARS
|
| 999 |
f |
f |
|s 8a1eff87-f54f-342b-9159-de57d66c693e
|i e2a9a4e3-3a02-39ec-aac2-58a542e1108d
|t 0
|
| 952 |
f |
f |
|p ric
|a Texas A&M University
|b Rellis Campus
|c Joint Library Facility
|d Remote Storage
|t 0
|e BT645 .D36 1950
|h Library of Congress classification
|i unmediated -- volume
|m A14819814188
|
| 998 |
f |
f |
|a BT645 .D36 1950
|t 0
|l Remote Storage
|